000 00234nam a2200097 a 4500
005 20200930070411.0
008 110902s1894 000 spa d
245 0 _aOpera minora : Christophe Colomb.
260 _c1894.
999 _c33121
_d33121
040 _aDO-SdBNP